00403nam a2200169Ia 4500008004100000020001800041245001900059245003900078260001500117260001600132260000900148300001400157300002500171300001000196500000800206999001900214170705s9999 xx 000 0 und d a9780439451659 aIt's spring! / cSamantha Berger and Pamela Chanko. aNew York : bScholastic, c2000 aunpaged : bcolor illustration ; c23cm. a310 c335544d335544